000
00315nam a2200109Ia 4500
008
200302s9999 xx 000 0 und d
100
_a
Stafford Cliff
245
_a
London Rooms Porfolios of 33 Contemporary Interior Designers And Architects
260
_b
Rockport Publishers Inc.
260
_c
2000
300
_a
192 P.,
999
_c
1850
_d
1850